[Event "GER-chT U10"]
[Site "Magdeburg"]
[Date "2016.12.29"]
[Round "6.1"]
[White "Schulz, Rafael"]
[Black "Vecera, Fabio"]
[Result "0-1"]
[WhiteElo "1084"]
[BlackElo "966"]
[PlyCount "48"]
[EventDate "2016.12.27"]
[EventType "team-swiss"]
[EventRounds "7"]
[EventCountry "GER"]
[SourceTitle "EXT 2018"]
[Source "ChessBase"]
[SourceDate "2017.10.13"]
[SourceVersion "1"]
[SourceVersionDate "2017.10.13"]
[SourceQuality "1"]
[WhiteTeam "Dresden TU"]
[BlackTeam "Leipzig Gruen Weiss II"]
[WhiteTeamCountry "GER"]
[BlackTeamCountry "GER"]

1. e4 e5 2. Nf3 Nc6 3. Bc4 Bc5 4. Nc3 d6 5. h3 Be6 6. Bb3 h6 7. d3 Nf6 8. Be3 Nd4 9. Bxd4 exd4 10. Nb5 a6 11. Nbxd4 d5 12. Nxe6 fxe6 13. exd5 Nxd5 14. Bxd5 Qxd5 15. Qe2 0-0-0 16. b3 Rde8 17. 0-0-0 Ba3+ 18. Kb1 Qf5 19. c3 Qf6 20. d4 Qg6+ 21. Qd3 Qxg2 22. Nh4 Qxf2 23. Rd2 Qxh4 24. Qg6 Qf4 0-1

[Event "GER-chT U10"]
[Site "Magdeburg"]
[Date "2016.12.27"]
[Round "1.1"]
[White "Bungarten, Jona"]
[Black "Schulz, Rafael"]
[Result "1-0"]
[WhiteElo "1555"]
[BlackElo "1084"]
[PlyCount "103"]
[EventDate "2016.12.27"]
[EventType "team-swiss"]
[EventRounds "7"]
[EventCountry "GER"]
[SourceTitle "EXT 2018"]
[Source "ChessBase"]
[SourceDate "2017.10.13"]
[SourceVersion "1"]
[SourceVersionDate "2017.10.13"]
[SourceQuality "1"]
[WhiteTeam "Brackel"]
[BlackTeam "Dresden TU"]
[WhiteTeamCountry "GER"]
[BlackTeamCountry "GER"]

1. e4 e5 2. Nf3 Nc6 3. Bc4 Bc5 4. b4 Bxb4 5. c3 Bc5 6. d4 exd4 7. 0-0 dxc3 8. Bxf7+ Kxf7 9. Qd5+ Ke8 10. Qxc5 Qf6 11. Nxc3 d6 12. Qc4 Be6 13. Qd3 Qf7 14. Bb2 Bc4 15. Qd2 Bxf1 16. Rxf1 Nce7 17. Ng5 Qg6 18. Nb5 Kd7 19. Rc1 c6 20. Nxd6 Qxd6 21. Qxd6+ Kxd6 22. Bxg7 Nh6 23. Bxh6 b6 24. Nf7+ Kc7 25. Bf4+ Kb7 26. Nxh8 Rxh8 27. Rd1 Ng6 28. Bg3 c5 29. f4 Ka6 30. Rd7 c4 31. Rc7 Kb5 32. f5 Nf8 33. Kf2 Kb4 34. Ke2 b5 35. Rxa7 Kc3 36. Be5+ Kb4 37. Bxh8 c3 38. Kd3 h6 39. Bxc3+ Kc5 40. Rf7 b4 41. Bxb4+ Kxb4 42. Rxf8 h5 43. Kd4 h4 44. Rb8+ Ka5 45. Kc4 h3 46. gxh3 Ka6 47. Kc5 Ka7 48. Rb1 Ka6 49. f6 Ka5 50. f7 Ka4 51. f8Q Ka3 52. Qa8# 1-0